Ils ont participés à la CDM2018 et ne participent pas à la CDM2022. - Statistiques

Statistiques générales
  • Ce quiz a été pris 215 fois
    173 depuis la dernière actualisation
  • Le résultat moyen est 6 sur 8
Statistiques - réponses
Confédérations Pays % Correct
UEFA Russie
81%
CONMEBOL Pérou
75%
CONMEBOL Colombie
73%
UEFA Suède
73%
CAF Égypte
71%
CAF Nigeria
64%
CONCACAF Panama
60%
UEFA Islande
53%
Aucun quiz correspondant
Distribution des résultats
% des personnes avec chaque résultat
Percentile par nombre de réponses
Votre historique - résultats
Vous n’avez pas pris ce quiz depuis la dernière actualisation